000 00809nam a2200253Ia 4500
003 OSt
005 20220918171332.0
006 a|||||r|||| 00| 0
007 ta
008 220917b |||||||| |||| 00| 0 eng d
020 _a9781501761065 (pbk)
_cUKP 14.99
024 _a354,873
037 _b5922, 29/12/2021, Excel Media
_cTextual
040 _aARTS
_cARTS
_beng
041 _2eng
_aeng
082 _aY:45:61.211, R1
100 _aRadha Kumar Au.
_935896
245 0 _aPolice matters
_b the everyday state and caste politics in Sounth India, 1900-1975
260 _aLondon
_bCornell University Press UK
_c2021
300 _axix,241p.
_ccm.
650 _aSOCIOLOGY
942 _hY:45:61.211, R1
_cTEXL
_2CC
999 _c139102
_d139102